Die Deutsche Graphik (Record no. 4763)

MARC details
000 -CABECERA
campo de control de longitud fija 00757nam a2200253 a 4500
001 - NÚMERO DE CONTROL
campo de control BRCA_5069
005 - FECHA Y HORA DE LA ÚLTIMA TRANSACCIÓN
campo de control 20190320204927.0
008 - DATOS DE LONGITUD FIJA--INFORMACIÓN GENERAL
campo de control de longitud fija 091110s1922----gw-a######---#000-0#ger-#
041 ## - CÓDIGO DE LENGUA
Código de lengua del texto/banda sonora o título independiente ger
044 ## - CÓDIGO DEL PAÍS DE LA ENTIDAD EDITORA/PRODUCTORA
Código MARC del país gw
050 #4 - SIGNATURA TOPOGRÁFICA DE LA BIBLIOTECA DEL CONGRESO
Número de clasificación NE651
Número de documento/Ítem .B62
-- 1922
100 1# - ENTRADA PRINCIPAL--NOMBRE DE PERSONA
Nombre de persona Bock, Elfried
Fechas asociadas al nombre 1875-1933
9 (RLIN) 7364
245 10 - MENCIÓN DE TÍTULO
Título Die Deutsche Graphik
Mención de responsabilidad, etc. Elfried Bock.
260 ## - PUBLICACIÓN, DISTRIBUCIÓN, ETC.
Lugar de publicación, distribución, etc. Munich, Alemania
Nombre del editor, distribuidor, etc. Franz Hanftaengl
Fecha de publicación, distribución, etc. 1922
300 ## - DESCRIPCIÓN FÍSICA
Extensión 364 p.
Otras características físicas il. (algunas a color), 410 láminas
Dimensiones 24 cm.
500 ## - NOTA GENERAL
Nota general Incluye índice de ilustraciones e índice de artistas
500 ## - NOTA GENERAL
Nota general Edición con cantos dorados
500 ## - NOTA GENERAL
Nota general D158
650 14 - PUNTO DE ACCESO ADICIONAL DE MATERIA--TÉRMINO DE MATERIA
Término de materia o nombre geográfico como elemento de entrada Grabado
Subdivisión geográfica Alemania
9 (RLIN) 12925
650 14 - PUNTO DE ACCESO ADICIONAL DE MATERIA--TÉRMINO DE MATERIA
Término de materia o nombre geográfico como elemento de entrada Grabados alemanes
9 (RLIN) 12926
650 14 - PUNTO DE ACCESO ADICIONAL DE MATERIA--TÉRMINO DE MATERIA
Término de materia o nombre geográfico como elemento de entrada Grabadores alemanes
9 (RLIN) 7216
902 ## - CATALOGADOR
Iniciales GFM
942 ## - ELEMENTOS DE PUNTO DE ACCESO ADICIONAL (KOHA)
Fuente del sistema de clasificación o colocación Library of Congress Classification
Tipo de ítem Koha Libros
Holdings
Estado de retiro Estado de pérdida Estado dañado No para préstamo Localización permanente Ubicación/localización actual Fecha de adquisición Número de inventario Total de préstamos Signatura topográfica completa Código de barras Fecha visto por última vez Precio válido a partir de Tipo de ítem Koha
El ejemplar forma parte de la colección y puede ser consultado según las políticas vigentes.       Biblioteca del Museo Franz Mayer (Rogerio Casas-Alatriste) Biblioteca del Museo Franz Mayer (Rogerio Casas-Alatriste) 09/11/2010 D158   NE651 .B62 1922 (D158) 5183 22/03/2019 22/03/2019 Libros